000 00246nam a2200085Ia 4500
245 0 _aMr. Popper's penguins
100 _a Atwater, Richard New York, [2009] 1st rev pbk ed
_983715
942 _cBK
008 210817s9999 xx 000 0 und d
999 _c305747
_d305746